Fábulas literarias

Gespeichert in:
Bibliographische Detailangaben
1. Verfasser: Iriarte, Tomás de
Format: Buch
Sprache:Spanisch
Erschienen: Madrid : Saturnino Calleja, cop. 1923
Katalog:MANES:  Suchergebnis im Bibliothekskatalog
Schulbuchspezifische Eigenschaften:
Tags: Tag hinzufügen
Keine Tags, Fügen Sie den ersten Tag hinzu!
Hinzugefügt zu:29.11.1999
Geändert in:07.05.2025

MARC

LEADER 00000cam a2200000zi 4500
005 20250507134620.0
008 000000s1923 espa 000 0 spa d
040 |a uned  |b spa  |c entro-manes 
100 1 |a Iriarte, Tomás de  |9 20437 
245 1 0 |a Fábulas literarias /  |c por Tomás de Iriarte ; dibujos de Marco 
260 |a Madrid :   |b Saturnino Calleja,   |c cop. 1923 
300 |a 158 p.:   |b il. 
500 |a En port.: Aprobadas oficialmente para texto de lectura en las escuelas de primera enseñanza 
546 |a España 
561 |5 es-BUNED  |3 L.T. 2074  |a España. Fondo Manes UNED  |k MANES 
942 |2 ddc  |c BK 
999 |c 98640  |d 98640 
999 |c manes:98640  |d 98640